Practical cost planning : a guide for surveyors and architects

Bibliographic Details
Main Authors: Cartlidge, Duncan P. (Author), Mehrtens, Ian N. (Author)
Format: Book
Language:English
Published: London : Hutchinson 1982
Subjects:

MARC

LEADER 00000cam a2200000 7i4500
001 0000001925
005 20240925.0
008 240429 enk a eng
020 |a 0091468418 (paperback) 
040 |a INS   |b eng   |e rda 
090 0 0 |a RHD47.4   |b .C37 1982 
100 1 |a Cartlidge, Duncan P. ,   |e author 
245 1 0 |a Practical cost planning :   |b a guide for surveyors and architects   |c Duncan P. Cartlidge and Ian N. Mehrtens 
264 1 |a London :   |b Hutchinson   |c 1982 
300 |a 120 pages :   |b illustrations ;   |c 24 cm. 
336 |a text  |2 rdacontent 
337 |a unmediated  |2 rdamedia 
338 |a volume  |2 rdacarrier 
500 |a Includes index 
650 0 |a Buildings   |x Estimates 
700 1 |a Mehrtens, Ian N. ,   |e author 
999 |a 0000001280   |b BOOK   |c Reference   |e Default branch 
999 |a 0000023654   |b BOOK   |c Red Spot   |e Default branch